000 00585nam a22001817a 4500
005 20161202103015.0
008 161202b1991 mx ||||| |||| 00| 0 spa d
020 _a9684329784
050 0 4 _aKGF5866
_bZ36 1991
100 1 _aZamora - Pierce, Jesús,
_eautor
245 1 0 _aGarantías y proceso penal /
_cJesús Zamora - Pierce.
250 _aQuinta edición aum. y puesta al día
260 _aMéxico :
_bPorrúa,
_cc1991
300 _axxxi, 575 páginas ;
_c24 cm.
650 7 _2lemb
_aProcedimiento penal
_zMéxico
650 7 _2lemb
_aDerechos civiles
_zMéxico
942 _2lcc
_cLIB
999 _c122645
_d122645